| 000 | 00821nam a2200181Ia 4500 | ||
|---|---|---|---|
| 003 | GCL | ||
| 008 | 140319s9999 xx 000 0 ara d | ||
| 040 |
_aGCL / _cGCL |
||
| 082 | 0 | 4 |
_a260 _bا ش |
| 100 | 1 | _aابويعرب المرزوقى | |
| 245 | 1 | 0 |
_aشفاء السائل لتهذيب المسائل دراسة تحليلية للعلاقة بين السلطان الروحى والسلطان السياسى / _cابويعرب المرزوقى |
| 700 | 1 | _aابن خلدون : ولى الدين ابو زيد عبدالرحمن بن محمد بن محمد بن محمد الاشبيلى | |
| 490 |
_aمصادر الفلسفة _v0 |
||
| 650 | 0 | 4 | _aالتصوف الاسلامى |
| 650 | 0 | 4 | _aالتصوف الاسلامى - مدارس |
| 650 | 0 | 4 | _aالتصوف - مدرسة وحدة الوجود |
| 942 |
_2ddc _cBK |
||
| 999 |
_c49148 _d49148 |
||